| 000 | 01666cam a2200337 a 4500 | ||
|---|---|---|---|
| 001 | 1965078 | ||
| 003 | OSt | ||
| 005 | 20230620121745.0 | ||
| 008 | 880609s1988 onc b 001 0 eng | ||
| 010 | _a 88019349 | ||
| 020 | _a0838933602 (ALA : pbk. : alk. paper) | ||
| 020 | _a0838933467 (ALA : hard : alk. paper) | ||
| 020 | _z0878933610 (ALA : loose-leaf : alk. paper) | ||
| 020 | _z0838933610 (ALA : loose-leaf : alk. paper) | ||
| 040 |
_aDLC _cDLC _dDLC |
||
| 050 | 0 | 0 |
_aZ694.15.A56 _bA53 1988 |
| 082 | 0 | 0 |
_a025.32 _219 _bANG |
| 245 | 0 | 0 |
_aAnglo-American cataloguing rules _cprepared under the direction of the Joint Steering Committee for Revision of AACR, a committee of the American Library Association, the Australian Committee on Cataloguing, the British Library, the Canadian Committee on Cataloguing, the Library Association, the Library of Congress ; edited by Michael Gorman and Paul W. Winkler. |
| 250 | _a2nd ed., 1988 revision. | ||
| 260 |
_aOttawa : _bCanadian Library Association ; _aChicago : _bAmerican Library Association, _c1988. |
||
| 300 |
_axxv, 677 p. ; _c26 cm. |
||
| 500 | _aFirst ed. published (1967) in two versions under the following titles: Anglo-American cataloging rules. North American text; Anglo-American cataloguing rules. British text. | ||
| 504 | _aIncludes bibliographical references and index. | ||
| 650 | 0 |
_aDescriptive cataloging _xRules. |
|
| 700 | 1 |
_aGorman, Michael, _d1941- |
|
| 700 | 1 |
_aWinkler, Paul W. _q(Paul Walter) |
|
| 710 | 2 | _aJoint Steering Committee for Revision of AACR. | |
| 710 | 2 | _aAmerican Library Association. | |
| 906 |
_a7 _bcbc _corignew _d1 _eocip _f19 _gy-gencatlg |
||
| 942 |
_2ddc _cBK |
||
| 999 |
_c1701 _d1701 |
||